El Estudio de las clases trabajadoras en Costa Rica: síntesis y perspectivas /

Spremljeno u:
Bibliografski detalji
Glavni autor: Aguilar Hernández, Marielos
Daljnji autori: Ramírez Avendaño, Victoria Eugenia
Format: Tekst
Izdano: Tegucigalpa: UNAH
Oznake: Dodaj oznaku
Bez oznaka, Budi prvi tko označuje ovaj zapis!

MARC

LEADER 00000 a a2200000 04500
001 21063
003
040
090 |a 091000  
100 |a Aguilar Hernández, Marielos  
245 |a El Estudio de las clases trabajadoras en Costa Rica: síntesis y perspectivas /  |c Marielos Aguilar Hernández 
260 |a Tegucigalpa:   |b UNAH  
300 |a 15 p.  
700 |a Ramírez Avendaño, Victoria Eugenia  
999 |c 2496  |d 2496